000 00640nam a22001937a 4500
999 _c172238
_d172238
005 20200130114846.0
010 _aENG-127571
020 _a9789388927611
_c450.00
035 _aEN-111103
037 _bDBAD/PUB
082 _a880
100 _aJotangiya,Paresh N
245 _aA study of robert Kroetsch's Narrative Strategies in his Novels The Studhorse man,cone Indian and Badlands /
_cby Paresh N Jotangiya
260 _aAhmedabad
_bVedant Publication
_c2019
270 _bAhmedabad
_aRajkot
_e360001
300 _a132p.
_b20cm(pbk)
500 _ainclude bibliographical references
942 _2ddc
_cEN
_h880
_mJOT